000 00503nam a22002057a 4500
001 nam a22 7a 4500
003 OSt
005 20210831093357.0
007 nam a22 7a 4500
008 210831b |||||||| |||| 00| 0 eng d
010 _a nam a22 7a 4500
020 _a9788183564526
040 _cHU
082 _a512/SHA/2009
100 _aSharma A.K.
_9802
245 _aApplied College Algebra
260 _aNew Delhi
_bDPH
_c2009
300 _a273p
942 _2ddc
_cBOOKS
_n0
999 _c980
_d980